Science Quiz

Random Science Quiz

Coniferous Woody Landscape Plants Quiz Stats

Quiz not verified by Sporcle

Also try: 'I' in Science
Challenge
Share
Tweet
Embed
Score 0/48 Timer 20:00
0 Plays Today
Common Names Scientific Names % Correct
Korean FirAbies koreana
71.4%
Scotch PinePinus sylvestris
71.4%
California IncensecedarCalocedrus decurrens
57.1%
Chinese JuniperJuniperus chinensis
57.1%
Concolor FirAbies concolor
57.1%
Norway SprucePicea abies
57.1%
Serbian SprucePicea omorika
57.1%
Oriental SprucePicea orientalis
57.1%
Colorado SprucePicea pungens
57.1%
Chinese HemlockTsuga chinensis
57.1%
Lacebark PinePinus bungeana
57.1%
Swisstone PinePinus cembra
57.1%
Japanese Red PinePinus densiflora
57.1%
Mugo PinePinus mugo
57.1%
Austrian PinePinus nigra
57.1%
Japanese Black PinePinus thunbergii
57.1%
English YewTaxus baccata
57.1%
Japanese CryptomeriaCryptomeria japonica
57.1%
Dawn RedwoodMetasequoia glyptostroboides
57.1%
Hinkoki FalsecypressChamaecyparis obtusa
42.9%
Western ArborvitaeThuja plicata
42.9%
Deodar CedarCedrus deodara
42.9%
Bristlecone PinePinus aristata
42.9%
Japanese White PinePinus parviflora
42.9%
Common Names Scientific Names % Correct
Hybrid (Anglo-Jap) YewTaxus x media
42.9%
Japanese FalsecypressChamaecyparis pisifera
28.6%
Shore JuniperJuniperus conferta
28.6%
Russian ArborvitaeMicrobiota decussata
28.6%
Limber PinePinus flexilis
28.6%
Common ChinafirCunninghamia lanceolata
28.6%
Lawson FalsecypressChamaecyparis lawsoniana
14.3%
Leyland Cypressx Cupressocyparis leylandii
14.3%
Arizona CypressCypressus arizonica
14.3%
Japgarden JuniperJuniperus procumbens
14.3%
Rocky Mountains JuniperJuniperus scopulorum
14.3%
Hiba ArborvitaeThujopsis dolobrata
14.3%
Nordmann FirAbies nordmanniana
14.3%
Atlas CedarCedrus atlantica var. glauca
14.3%
Cedar of LebanonCedrus libani
14.3%
Golden LarchPseudolarix amabilis
14.3%
Douglas FirPseudotsuga menziesii
14.3%
Umbrella PineSciadopitys verticillata
14.3%
Japanese HemlockTsuga sieboldii
14.3%
Bosnian PinePinus heldreichii
14.3%
Korean PinePinus koraiensis
14.3%
Himalayan PinePinus wallichiana
14.3%
Japanese Plum YewCephalotaxus harringtonia
14.3%
Oritenal ArborvitaeThuja orientalis|Platycladus orientalis
0%

You're not logged in!

Compare scores with friends on all Sporcle quizzes.
Join for Free
OR
Log In

You Might Also Like...

Show Comments

Extras

Created Jun 23, 2011ReportNominate
Tags:common, Plants, woody

Top Quizzes Today


Score Distribution

Your Account Isn't Verified!

In order to create a playlist on Sporcle, you need to verify the email address you used during registration. Go to your Sporcle Settings to finish the process.

Report this User

Report this user for behavior that violates our Community Guidelines.

Details: